The noble scholar, jurist, historian


 His Excellency Dr. Abdul Wahhab bin Ibrahim Abu Sulaiman, may Allah have mercy on him.


 He was born in Umm Al-Qura in the year 1356 AH.

الجيش السعودي في فلسطين / (Record no. 11595)

MARC details
000 -LEADER
fixed length control field 02332cam a2200373 i 4500
003 - CONTROL NUMBER IDENTIFIER
control field SA-RiAUC
005 - DATE AND TIME OF LATEST TRANSACTION
control field 20250910133459.0
008 - FIXED-LENGTH DATA ELEMENTS--GENERAL INFORMATION
fixed length control field 250907s2001 su a g f00000 ara c
020 ## - INTERNATIONAL STANDARD BOOK NUMBER
International Standard Book Number 9960693708
020 ## - INTERNATIONAL STANDARD BOOK NUMBER
International Standard Book Number 9999606937081
024 0# - OTHER STANDARD IDENTIFIER
Standard number or code 00000000828709
040 ## - CATALOGING SOURCE
Original cataloging agency SA-RiAUC
Language of cataloging ara
Transcribing agency SA-RiAUC
Modifying agency AE-DuMBRL
Description conventions rda
043 ## - GEOGRAPHIC AREA CODE
Geographic area code a-su---
-- awgz---
050 #4 - LIBRARY OF CONGRESS CALL NUMBER
Item number H37 2001
050 #4 - LIBRARY OF CONGRESS CALL NUMBER
Item number .H37 2001
082 04 - DEWEY DECIMAL CLASSIFICATION NUMBER
Classification number 327.5310569
Assigning agency SA-RiAUC
090 ## - LOCALLY ASSIGNED LC-TYPE CALL NUMBER (OCLC); LOCAL CALL NUMBER (RLIN)
Classification number (OCLC) (R) ; Classification number, CALL (RLIN) (NR) 327.5310569
Local cutter number (OCLC) ; Book number/undivided call number, CALL (RLIN) ح ر ي
100 1# - MAIN ENTRY--PERSONAL NAME
Personal name الحريري، صالح جمال،
Dates associated with a name حوالي 1921-1980
Relator term مؤلف.
245 12 - TITLE STATEMENT
Title الجيش السعودي في فلسطين /
Statement of responsibility, etc. صالح جمال الحريري.
250 ## - EDITION STATEMENT
Edition statement الطبعة الثانية.
264 #1 - PRODUCTION, PUBLICATION, DISTRIBUTION, MANUFACTURE, AND COPYRIGHT NOTICE
Place of production, publication, distribution, manufacture الرياض :
Name of producer, publisher, distributor, manufacturer دارة الملك عبد العزيز،
Date of production, publication, distribution, manufacture, or copyright notice 2001.
300 ## - PHYSICAL DESCRIPTION
Extent 107 صفحة :
Other physical details إيضاحيات ؛
Dimensions 24 × 17 سم.
336 ## - CONTENT TYPE
Content type term نص
Content type code txt
Source rdacontent
Materials specified كتاب
337 ## - MEDIA TYPE
Media type term بدون وسيط
Media type code n
Source rdamedia
338 ## - CARRIER TYPE
Carrier type term مجلد
Carrier type code nc
Source rdacarrier
490 0# - SERIES STATEMENT
Series statement إصدارات دارة الملك عبد العزيز ؛
Volume/sequential designation 109
500 ## - GENERAL NOTE
General note طبع هذا الكتاب عام 1369 هـ / 1950 م وأعادت دارة الملك عبد العزيز طبعة عن الأصل بمناسبة انعقاد ندوة المملكة العربية السعودية وفلسطين بمدينة الرياض 1422 هـ / 2000 م.
520 ## - SUMMARY, ETC.
Summary, etc. يعرض الكتاب مشاركة الجيش السعودي في الدفاع عن فلسطين، وخوضه عددا من المعارك في الخطوط الأمامية، وتعاون الجيش السعودي والمصري بصورة لافتة، وقد رصد الكتاب أخبارا عن الجيش السعودي وأفراده ولقاءتهم بعدد من المسؤلين وتضمن خطابات ومقالات وقصائد لعدد من منسوبية، كما حوى مجموعة نادرة من الصور عن الجيش ومشاركتة، وصورا لأفراده من الضباط والجنود الذين شاركوا في حرب 1367-1368هـ.
650 #7 - SUBJECT ADDED ENTRY--TOPICAL TERM
Topical term or geographic name entry element الحروب العربية الإسرائيلية
Source of heading or term aucsh
650 #7 - SUBJECT ADDED ENTRY--TOPICAL TERM
Topical term or geographic name entry element العلاقات الخارجية
Source of heading or term aucsh
651 #7 - SUBJECT ADDED ENTRY--GEOGRAPHIC NAME
Geographic name السعودية
General subdivision قوات مسلحة
Source of heading or term aucsh
942 ## - ADDED ENTRY ELEMENTS (KOHA)
Source of classification or shelving scheme Dewey Decimal Classification
Koha item type Books
Suppress in OPAC No
949 ## - LOCAL PROCESSING INFORMATION (OCLC)
a SA-JeALM
d 250907
u mohamedma123
n 1
Holdings
Withdrawn status Lost status Source of classification or shelving scheme Damaged status Not for loan Home library Current library Date acquired Total checkouts Full call number Barcode Date last seen Price effective from Koha item type
    Dewey Decimal Classification     DR AbdElwahab Library DR AbdElwahab Library 09/10/2025   327.5310569 ح ر ي 000018749 09/10/2025 09/10/2025 Books